Представление документа в формате RUSMARC

ПолеНазваниеЗначение
  Тип записи a
  Библиографический уровень m
001 Контрольный номер RU/SLIB/B/208739859
005 Дата корректировки 20201206204052.2
010 Индекс ISBN __
d Цена 1-40
101 Язык документа __
a Язык текста rus
200 Заглавие и сведения об ответственности __
a Заглавие Двойные молибдаты вольфраматы
f Первые сведения об ответственности Мохосоев М. В.; АН СССР, Сиб. отд-ние. Бурятский филиал ; отв. ред. К.А. Никифоров
b Общее обозначение материала Текст
210 Выходные данные __
a Место издания Новосибирск
c Издательство Наука
d Дата издания 1981
215 Физическое описание __
a Объем 136 с.
606 Тематические рубрики __
a Основная рубрика Химия
606 Тематические рубрики __
a Основная рубрика Общая и неорганическая химия в целом
610 Ключевые слова __
a Ключевые слова молибдат; вольфрамат
686 Индексы других классификаций __
a Классификационный индекс 24.1; ст24.1
700 Автор __
a Фамилия Мохосоев
b Имя М. В.
4 Код отношения 070
702 Вторичная интеллектуальная ответственность _1
a Фамилия Алексеев
b Имя Ф. П.
4 Код отношения Автор
702 Вторичная интеллектуальная ответственность _1
a Фамилия Бутуханов
b Имя В. Л.
4 Код отношения Автор
801 Источник записи _0
a Страна RU
b Организация Муниципальное бюджетное учреждение культуры "Централизованная библиотечная система" г. Сургут (Центральная городская библиотека им. А. С. Пушкина)
g Правила каталогизации КиК/Михайлова
801 Источник записи _1
a Страна RU
b Организация Муниципальное бюджетное учреждение культуры "Централизованная библиотечная система" г. Сургут (Центральная городская библиотека им. А. С. Пушкина)
g Правила каталогизации КиК/Михайлова
852 Данные о местонахождении __
j Шифр хранения 24.1
c Каталожный индекс 24.1
i Авторский знак М 86
p Инвентарный номер 7377
901 Тип документа __
t Тип документа m
990 Данные о заказе (DOS) __
j Количество экземпляров (DOS) 1